banner-ar

شارع دوران : اقسام الظهيرة / (Record no. 50966)

MARC details
000 -الفاتح
حقل البيانات ثابتة الطول 00777nam a2200253Ia 4500
005 - وقت وتاريخ اخر تعامل مع التسجيلة
رقم الضبط 20240530104826.0
008 - عناصر البيانات ثابتة الطول - معلومات عامة
حقل البيانات ثابتة الطول 140319s9999 xx 000 0 ara d
040 ## - مصدر الفهرسة
وكالة الفهرسة الأصلية GCL /
وكالة النسخ GCL
082 04 - رقم تصنيف ديوى العشرى
رقم التصنيف 842.043
رقم المادة س ش
100 1# - المدخل الرئيسى - إسم شخصى
الإسم الشخصى محمود قاسم
245 10 - بيان العنوان
العنوان شارع دوران : اقسام الظهيرة /
بيان المسئوليه,etc محمود قاسم
300 ## - الوصف المادى
التعداد 334 ص
490 ## - بيان السلسلة
عنوان السلسلة من المسرح العالمى
رقم المجلد/ التعيين التسلسلي 0
650 04 - المدخل الاضافى بالموضوع-مصطلح موضوعى
مصطلح موضوعي الادب الفرنسى
650 04 - المدخل الاضافى بالموضوع-مصطلح موضوعى
مصطلح موضوعي المسرحيات الفرنسية
700 1# - المدخل الاضافى - اسم شخصى
الإسم الشخصى عبدالغفار مكاوى
700 1# - المدخل الاضافى - اسم شخصى
الإسم الشخصى محمود ابراهيم
700 1# - المدخل الاضافى - اسم شخصى
الإسم الشخصى نادية كامل
700 1# - المدخل الاضافى - اسم شخصى
الإسم الشخصى سالاكرو، ارمان
700 1# - المدخل الاضافى - اسم شخصى
الإسم الشخصى نور الدين خضير
700 1# - المدخل الاضافى - اسم شخصى
الإسم الشخصى كلوديل, بول
942 ## - عناصر المدخل الإضافي( كوها)
مصدر التصنيف او مخطط الترفيف Dewey Decimal Classification
Koha [default] item type كتاب
Holdings
حالة التراجع حالة الفقد حالة تلف ليس للاعارة المكان المؤقت الموقع الحالى تاريخ الاكتساب اجمالي اﻻعارات رقم الطلب الباركود تاريخ اخر مشاهدة تاريخ تفعيل السعر نوع وعاء كوها
        مكتبة القاهرة الكبرى مكتبة القاهرة الكبرى 03/26/2014   842.043\س ش 122202 03/26/2014 03/26/2014 كتاب
        مكتبة القاهرة الكبرى مكتبة القاهرة الكبرى 03/26/2014   842.043\س ش 122203 03/26/2014 03/26/2014 كتاب
        مكتبة القاهرة الكبرى مكتبة القاهرة الكبرى 03/26/2014   842.043\س ش 122204 03/26/2014 03/26/2014 كتاب
        مكتبة القاهرة الكبرى مكتبة القاهرة الكبرى 03/26/2014   842.043\س ش 122205 03/26/2014 03/26/2014 كتاب

Powered By

EGPV